La estranjera (Record no. 163914)

MARC details
000 -LEADER
campo de control de longitud fija 00979nam a22002175i 4500
001 - NÚMERO DE CONTROL
campo de control 163914
003 - IDENTIFICADOR DE NÚMERO DE CONTROL
campo de control ES-MaACL
005 - FECHA Y HORA DE LA ÚLTIMA TRANSACCIÓN
campo de control 20250522142836.0
008 - DATOS DE LONGITUD FIJA--INFORMACIÓN GENERAL
campo de control de longitud fija 010508s1850 sp |||| | spa d
040 ## - FUENTE DE CATALOGACIÓN
Centro catalogador/agencia de origen CCPB | B
Lengua de catalogación spa
Centro/agencia transcriptor CCPB | B
100 1# - ENTRADA PRINCIPAL--NOMBRE DE PERSONA
Nombre de persona Romani, Felice.
9 (RLIN) 99243
245 13 - MENCIÓN DEL TÍTULO
Título La estranjera
Resto del título : melodrama /
Mención de responsabilidad, etc. [Felice Romani ; música de Bellini].
260 ## - PUBLICACIÓN, DISTRIBUCIÓN, ETC.
Lugar de publicación, distribución, etc. Madrid :
Nombre del editor, distribuidor, etc. [s.n.],
Fecha de publicación, distribución, etc. 1850 (
Fabricante por Aguado, impresor)
300 ## - DESCRIPCIÓN FÍSICA
Extensión 101 p. ;
Dimensiones 22 cm.
546 ## - NOTA DE IDIOMA
Nota de lengua/lenguaje Texto en español e italiano.
594 ## - Nota al título y mención de responsabilidad
Nota al título y mención de responsabilidad Autor del libreto tomado de p. 6 y autor de la música de p. 10.
700 1# - ENTRADA AGREGADA--NOMBRE PERSONAL
Nombre de persona Bellini, Vincenzo,
Fechas asociadas al nombre 1801-1835
9 (RLIN) 240607
852 ## - LOCALIZACIÓN
Ubicación ES-MaACL
Número de control de estantería B-386
Nota libre -- Enc. moiré
Encuadernación -- Edic.: añadir T594 Texto paralelo italiano-español -- El autor, que firma el prólogo, es Felice Romaní -- Añadir en subtít.: "... : melodrama que ha de representarse en el Teatro del Real Palacio el día 20 de enero de 1850"
Holdings
Estatus retirado Estado de pérdida Estado de daño No para préstamo Colección Biblioteca de origen Biblioteca actual Ubicación en estantería Fecha de adquisición Fuente de adquisición Total de préstamos Signatura topográfica completa Código de barras Visto por última vez Precio de reemplazo Tipo de ítem Koha
        Libros del s. XIX Biblioteca del Ateneo de Madrid Biblioteca del Ateneo de Madrid Sala Pardo Bazán 17/01/2008     B-386 1171786 23/02/2023 23/02/2023 Libro impreso antiguo